Größte Handelspartnern - Kolumbien - Statistiken

Allgemein
  • Dieses Quiz wurde 66 mal gespielt
  • Das Durchschnittsergebnis liegt bei 19 aus 22
Antwortstatistiken
Exporte Importe Land % Korrekt
0,995 bil 2,12 bil Brasilien
100%
1,21 bil 8,68 bil China
100%
0,476 bil 1,71 bil Deutschland
100%
10,1 bil 11,9 bil Vereinigte Staaten
100%
0,829 bil Frankreich
98%
0,937 bil 3,41 bil Mexiko
98%
0,767 bil Kanada
95%
1,16 bil 0,918 bil Spanien
94%
0,670 bil 0,721 bil Chile
90%
1,12 bil Japan
90%
1,05 bil 0,682 bil Peru
90%
0,482 bil Vereinigtes Königreich
89%
0,946 bil Indien
87%
0,614 bil Venezuela
85%
0,534 bil Bolivien
84%
1,20 bil 0,805 bil Ecuador
84%
0,439 bil 0,762 bil Italien
84%
1,91 bil Panama
79%
0,889 bil Südkorea
69%
1,54 bil Niederlande
55%
0,761 bil Türkei
52%
0,451 bil Belgien
47%
Keine übereinstimmenden Quizze gefunden
Verteilung der Resultate
Anzahl Personen mit jedem Resultat
Perzentil nach korrekt beantworteten Fragen
Ihre Resultats-Entwicklung
Sie haben dieses Quiz noch nicht gespielt